000 01190nam2a2200229 4500
001 rc\2651970
005 20260315043128.0
035 _a(NLR Aleph) 006959431
090 _a13563524
_c13563524
100 _a20110610d1928 u y0rusy50 ca
101 0 _arus
102 _aRU
105 _ay z |||||
200 1 _aПески и овраги враги наши
210 _d1928
461 0 _1001rc\2651963
_12001#$aКраеведческая библиотечка школьника 1-й ступени Нижневолжского края$fСоставлена коллективом педагогов и краеведов г. Саратова$gПод руководством и ред. Е.И. Перовского$v№ 7
_95328233
_cМосква
_d1928-1930
_fСоставлена коллективом педагогов и краеведов г. Саратова
_nГос. изд-во
_tКраеведческая библиотечка школьника 1-й ступени Нижневолжского края
_v№ 7
700 1 _aКривоносова
_bЗ.А.
801 0 _aRU
_bNLR
_gpsbo
801 1 _aRU
_bELAR
_2rusmarc
852 _aNLR
_j40/3816
942 _cUNSPEC
980 _aNB